000
003260000a22001450004500
003
MACL
040
_a
MACL
090
_c
2776
_d
2776
100
_a
Singh, Hukam
245
_a
Kangchenjunga Ascent From East
_b
Indo-Japanese Venture
260
_b
The Offsetters
_c
1994
350
_a
548
650
_a
Geography
942
_c
BOOK
_k
910
999
_c
2757
_d
2757